| 000 -LEADER |
| fixed length control field |
00595cam a22001577a 4500 |
| 040 ## - CATALOGING SOURCE |
| Transcribing agency |
INU |
| 082 04 - DEWEY DECIMAL CLASSIFICATION NUMBER |
| Classification number |
634 CEL 2004 A083 Or. |
| 245 00 - TITLE STATEMENT |
| Title |
Capitalisation de l'expérience sahélienne en aménagement des forêts naturelles pour la production du bois-énergie : |
| Remainder of title |
actes de l'atelier régional, Niamey, 27-30 avril 2004. |
| 260 ## - PUBLICATION, DISTRIBUTION, ETC. (IMPRINT) |
| Place of publication |
Ouagadougou [Burkina Faso] : |
| Name of publisher |
Cellule régionale de coordination PREDAS, |
| Year of publication |
2004. |
| 300 ## - PHYSICAL DESCRIPTION |
| Number of Pages |
52 p. : |
| Other physical details |
ill. (some col.) ; |
| Dimensions |
30 cm. |
| 650 #0 - SUBJECT ADDED ENTRY--TOPICAL TERM |
| Topical Term |
Fuelwood |
| 650 #0 - SUBJECT ADDED ENTRY--TOPICAL TERM |
| Topical Term |
Fuelwood crops |
| 650 #0 - SUBJECT ADDED ENTRY--TOPICAL TERM |
| Topical Term |
Fuelwood crops |
| 650 #0 - SUBJECT ADDED ENTRY--TOPICAL TERM |
| Topical Term |
Forest management |
| 942 ## - ADDED ENTRY ELEMENTS (KOHA) |
| Koha item type |
សៀវភៅភាសាអង់គ្លេស |
| 952 ## - LOCATION AND ITEM INFORMATION (KOHA) |
| Withdrawn status [LOCAL, KOHA] |
0 |